| 000 | 01032cam a22003014a 4500 | ||
|---|---|---|---|
| 001 | 16044400 | ||
| 003 | OSt | ||
| 005 | 20170105102900.0 | ||
| 008 | 100107s2011 enk b 001 0 eng | ||
| 010 | _a 2009053036 | ||
| 020 | _a9780415561662 (hardcover) | ||
| 020 | _a0415561663 (hardcover) | ||
| 020 | _a9780203848647 (ebook) | ||
| 020 | _a0203848640 (ebook) | ||
| 040 |
_aDLC _cDLC _dDLC |
||
| 050 | 0 | 0 |
_aU21.2 _b.G845 2011 |
| 082 | 0 | 0 |
_a355.02011 _222 _bGUH 2011 |
| 100 | 1 | _aGuha, Manabrata. | |
| 245 | 1 | 0 |
_aReimagining war in the 21st century : _bfrom Clausewitz to network-centric warfare / _cManabrata Guha. |
| 260 |
_aLondon ; _aNew York : _bRoutledge, _cc2011. |
||
| 300 |
_avi, 232 p. ; _c24 cm. |
||
| 504 | _aIncludes bibliograpical references (p. [212]-228) and index. | ||
| 600 | 1 | 0 |
_aClausewitz, Carl von, _d1780-1831. |
| 650 | 0 | _aWar. | |
| 906 |
_a7 _bcbc _corignew _d1 _eecip _f20 _gy-gencatlg |
||
| 942 |
_2ddc _cBK |
||
| 999 |
_c14629 _d14629 |
||